جد يد د نيا ميں ا سلا م مسا يل ا و ر ا مکا نا ت (Record no. 172844)
[ view plain ]
| 000 -LEADER | |
|---|---|
| fixed length control field | 00708nam a22001937a 4500 |
| 005 - DATE AND TIME OF LATEST TRANSACTION | |
| control field | 20200213150948.0 |
| 010 ## - LCCN (DPL NO) | |
| LC control number | A-213121 |
| 020 ## - INTERNATIONAL STANDARD BOOK NUMBER | |
| Terms of availability | 40.00 |
| International Standard Book Number | - |
| 035 ## - SYSTEM CONTROL NUMBER | |
| System control number | A-213121 |
| 037 ## - SOURCE OF ACQUISITION | |
| Source of stock number/acquisition | BPPD |
| 082 ## - DEWEY DECIMAL CLASSIFICATION NUMBER | |
| Classification number | 270.61 |
| 100 ## - MAIN ENTRY--PERSONAL NAME | |
| Personal name | مر تبہ:آ ل ا حمد سر و ر |
| 245 ## - TITLE STATEMENT | |
| Title | جد يد د نيا ميں ا سلا م مسا يل ا و ر ا مکا نا ت |
| Statement of responsibility, etc | مر تبہ:آ ل ا حمد سر و ر |
| 246 ## - VARYING FORM OF TITLE | |
| Title proper/short title | Jadeed Dunia Mein Islam MasailAur Imkanaat |
| Remainder of title | Edited by Aal Ahmed Saroor |
| 260 ## - PUBLICATION, DISTRIBUTION, ETC. (IMPRINT) | |
| Place of publication, distribution, etc | N.Delhi |
| Name of publisher, distributor, etc | Maktaba Jamia Ltd. |
| Date of publication, distribution, etc | 1983 |
| 270 ## - ADDRESS | |
| Address | Patodi house, Darya Ganj |
| City | N.Delhi |
| Postal code | 110002 |
| Telephone number | - |
| Fax number | - |
| Electronic mail address | - |
| 300 ## - PHYSICAL DESCRIPTION | |
| Extent | 328ص |
| Dimensions | 21 Cm.(P.b) |
| 942 ## - ADDED ENTRY ELEMENTS (KOHA) | |
| Source of classification or shelving scheme | Dewey Decimal Classification |
| Item type | Urdu Bks |
| Classification part | 270.61 |
| Call number suffix | س ر و |
| Withdrawn status | Lost status | Not for loan | Collection code | Home library | Current library | Date acquired | Source of acquisition | Cost, normal purchase price | Full call number | Barcode | Copy number | Cost, replacement price | Koha item type |
|---|---|---|---|---|---|---|---|---|---|---|---|---|---|
| Non-fiction | Central Library | Central Library | 13/02/2020 | BPPD/Ven. | 40.00 | 270.61 س ر و | A-213121 | 1 | 40.00 | Urdu Bks |
